Every Player - Masters & Champions - Statistics

General Stats
  • This quiz has been taken 173 times
    4 since last reset
  • The average score is 149 of 383
Answer Stats
Event Nationality Team(s) Answer % Correct
LOCK//IN ph.webp 629f17f51e7a3.png 2GE
67%
LOCK//IN - Champions 23 - Madrid 24 - Shanghaï 24 - Champions 24 cn.webp 65a17b313b131.png AAAAY
67%
Berlin 21 - Champions 21 jp.webp 654cc95339f53.png ade
67%
Copenhagen 22 - Champions 22 cl.webp 61b8888cc3860.png adverso
67%
Champions 25 cn.webp 642233fc01f26.png Akeman
67%
Copenhagen 22 - Champions 22 - LOCK//IN - Tokyo 23 - Champions 23 - Shanghaï 24 - Champions 24 - Toronto 25 - Champions 25 tr.webp 62a40cc2b5e29.png Alfajer
67%
Reykjavik 21 kr.webp 615425fac2c84.png allow
67%
Santiago 26 kg.webp 632be843b7d51.png alym
67%
Copenhagen 22 - Champions 22 - LOCK//IN - Tokyo 23 - Champions 23 ua.webp 65a17b313b131.png 62a4109ddbd7f.png ANGE1
67%
LOCK//IN jp.webp 63972e548cdc9.png Anthem
67%
Champions 25 ro.webp 657b2f3fcd199.png ara
67%
Copenhagen 22 - Champions 22 - LOCK//IN - Tokyo 23 - Champions 23 lv.webp 65a17b313b131.png 6610f026c1a9e.png ardiis
67%
Toronto 25 - Champions 25 - Santiago 26 br.webp 632be7626d6d9.png 632be843b7d51.png artzin
67%
Toronto 25 kr.webp 654cc858ea9f5.png Ash
67%
LOCK//IN tr.webp 65b8ccef5e273.png AsLanM4shadoW
67%
Reykjavik 22 - Copenhagen 22 - Champions 22 - LOCK//IN - Tokyo 23 - Champions 23 -Shanghaï 24 - Champions 24 - Toronto 25 - Champions 25 br.webp 62bbec8dc1b9f.png 61b8888cc3860.png 632be7626d6d9.png aspas
67%
Berlin 21 - Champions 22 - LOCK//IN - Shanghaï 24 us.webp 603c00d5c5a08.png Asuna
67%
LOCK//IN - Tokyo 23 - Champions 23 - Shanghaï 24 - Champions 24 tr.webp 632be9976b8fe.png AtaKaptan
67%
Santiago 26 cn.webp 6549c2b905061.png Au1
67%
Madrid 24 - Shanghaï 24 - Champions 24 - London 26 au.webp 65a17b313b131.png 65a17b313b131.png Autumn
67%
Berlin 21 - Reykjavik 22 - LOCK//IN dk.webp 633822848a741.png 637b755224c12.png AvovA
67%
LOCK//IN br.webp 63976677069e1.png axeddy
67%
Copenhagen 22 - Champions 22 - LOCK//IN ca.webp 62874ec8a2b0c.png 629f316ddd4dd.png AYRIN
67%
Santiago 26 - London 26 us.webp 633822848a741.png BABYBAY
67%
LOCK//IN - Tokyo 23 - Champions 23 - Champions 24 kr.webp 62fe0b8f6b084.png 6226f3d764e03.png ban
67%
Champions 22 - LOCK//IN - Shanghaï 24 - Bangkok 25 - Toronto 25 - Champions 25 us.webp 603c00d5c5a08.png 62875027c8e06.png bang
67%
Berlin 21 jp.webp 62a411783d94d.png barce
67%
Berlin 21 - Champions 21 - LOCK//IN kr.webp 654cc95339f53.png 629f316ddd4dd.png Bazzi
67%
Copenhagen 22 - Champions 22 - LOCK//IN us.webp 62874ec8a2b0c.png 667462f046618.png BcJ
67%
Madrid 24 - Shanghaï 24 - Champions 24 - Toronto 25 - Champions 25 - London 26 gb-eng.webp 637b755224c12.png benjyfishy
67%
Berlin 21 - Reykjavik 22 - Copenhagen 22 - Champions 22 - LOCK//IN sg.webp 62bbeba74d5cb.png Benkai
67%
LOCK//IN - Champions 23 - Madrid 24 - Shanghaï 24 - Champions 24 tw.webp 65a17b313b131.png BerLIN
67%
Champions 22 id.webp 629f1bdae82ab.png BerserX
67%
Champions 24 - Bangkok 25 - Champions 25 kr.webp 63b17abd77fc0.png BeYN
67%
Reyjavik 22 br.webp 62b947039ec5e.png bezn1
67%
Champions 23 - Champions 24 - Bangkok 25 cn.webp 63f25d72216c1.png 6433a2cc3ae72.png Biank
67%
Santiago 26 it.webp 6670153fa9120.png bipo
67%
Copenhagen 22 jp.webp 649905216b9e3.png BlackWiz
67%
Champions 22 id.webp 629f1bdae82ab.png blaZek1ng
67%
London 26 ar.webp 629f1bdae82ab.png blowz
67%
Reykjavik 21 - Reykjavik 22 ar.webp 63976677069e1.png 62b947039ec5e.png bnj
67%
Reykjavik 21 - Champions 21 - Reykjavik 22 - Copenhagen 22 - Champions 22 - LOCK//IN - Tokyo 23 - Champions 23 - Shanghaï 24 - Champions 24 - Toronto 25 - Champions 25 gb.webp 62a40cc2b5e29.png Boaster
67%
Berlin 21 - Champions 21 - LOCK//IN fi.webp 62a4157412b4f.png 6466d79e1ed40.png BONECOLD
67%
LOCK//IN - Madrid 24 - Shanghaï 24 - Champions 24 - Toronto 25 - Champions 25 - London 26 lt.webp 637b755224c12.png Boo
67%
LOCK//IN - Tokyo 23 - Champions 23 - Shanghaï 24 us.webp 667462f046618.png 603c00d5c5a08.png Boostio
67%
Champions 21 - LOCK//IN ph.webp 629f13085ead6.png BORKUM
67%
Berlin 21 - LOCK//IN tr.webp 651ef7628e347.png 65b8ccef5e273.png Brave
67%
Champions 25 - Santiago 26 - London 26 us.webp 6610f026c1a9e.png brawk
67%
Berlin 21 kr.webp 613869ba6886b.png Bunny
67%
Tokyo 23 cn.webp 62bd5058300a4.png bunt
67%
Berlin 21 - Champions 21 - Reykjavik 22 - Copenhagen 22 - Champions 22 - LOCK//IN - Tokyo 23 - Champions 23 - Champions 24 - Bangkok 25 - Champions 25 - Santiago 26 kr.webp 6217116c87b89.png 63b17abd77fc0.png 62fe0b8f6b084.png BuZz
67%
LOCK//IN - Tokyo 23 - Champions 23 - Shanghaï 24 - Champions 24 us.webp 667462f046618.png 61b8888cc3860.png C0M
67%
LOCK//IN - Tokyo 23 - Champions 23 - Shanghaï 24 - Bangkok 25 kr.webp 62fe0b8f6b084.png Carpe
67%
Reykjavik 22 - LOCK//IN - Tokyo 23 - Champions 23 - Madrid 24 br.webp 62b947039ec5e.png 62bbec8dc1b9f.png cauanzin
67%
Champions 22 - LOCK//IN - Tokyo 23 - Champions 23 - Madrid 24 - Shanghaï 24 - Champions 24 - Bangkok 25 - Champions 25 - Santiago 26 - London 26 cn.webp 62c82049253b2.png CHICHOO
67%
Berlin 21 - Reykjavik 22 - Copenhagen 22 - Champions 22 - LOCK//IN - Tokyo 23 - Champions 23 - Madrid 24 - Shanghaï 24 - Champions 24 - Toronto 25 - Champions 25 - Santiago 26 - London 26 my.webp 62bbeba74d5cb.png d4v41
67%
Berlin 21 - Reykjavik 22 - Copenhagen 22 - Champions 22 - LOCK//IN - Tokyo 23 - Champions 23 - Madrid 24 - Shanghaï 24 - Champions 24 - Toronto 25 - Champions 25 - Santiago 26 - London 26 id.webp 62bbeba74d5cb.png f0rsakeN
67%
Reykjavik 22 - Copenhagen 22 - Champions 22 - LOCK//IN - Tokyo 23 - Champions 23 - Shanghaï 24 - Champions 24 - Toronto 25 - Champions 25 - Santiago 26 - London 26 sg.webp 62bbeba74d5cb.png Jinggg
67%
Berlin 21 - Champions 21 - LOCK//IN kr.webp 6217116c87b89.png 654cc858ea9f5.png k1Ng
67%
Santiago 26 tr.webp 65b8ccef5e273.png Lar0k
67%
Santiago 26 tr.webp 65b8ccef5e273.png Loita
67%
Santiago 26 tr.webp 65b8ccef5e273.png lovers rock
67%
LOCK//IN - Madrid 24 - Toronto 25 - Champions 25 id.webp 629f316ddd4dd.png 62bbeba74d5cb.png 629f17f51e7a3.png Monyet
67%
LOCK//IN - Tokyo 23 - Champions 23 - Champions 25 us.webp 6610f026c1a9e.png s0m
67%
Champions 23 - Madrid 24 - Shanghaï 24 - Champions 24 - Toronto 25 - Champions 25 - Santiago 26 - London 26 ru.webp 62bbeba74d5cb.png something
67%
Santiago 26 cn.webp 62c82049253b2.png cb
33%
LOCK//IN - Champions 24 lt.webp 6466d79e1ed40.png ceNder
33%
Tokyo 23 th.webp 62bbeba74d5cb.png cgrs
33%
Berlin 21 - Champions 21 - LOCK//IN - Tokyo 23 - Champions 23 - Shanghaï 24 - Champions 24 - Toronto 25 - Champions 25 - London 26 ru.webp 5f5e971577783.png 62a40cc2b5e29.png 6466d79e1ed40.png Chronicle
33%
LOCK//IN - Champions 23 - Champions 25 ru.webp 61dfcae52b0d8.png 657b2f3fcd199.png Cloud
33%
Berlin 21 - Champions 21 - LOCK//IN - Tokyo 23 - Champions 23 - Shanghaï 24 - Champions 24 tr.webp 62a4157412b4f.png 62a4109ddbd7f.png 632be9976b8fe.png cNed
33%
Toronto 25 - Champions 25 hk.webp 671742f863b9b.png coconut
33%
Toronto 25 - Champions 25 br.webp 632be7626d6d9.png cortezia
33%
Berlin 21 - Champions 21 - Reykjavik 22 - Copenhagen 22 - Champions 22 - LOCK//IN - Tokyo 23 - Champions 23 - Toronto 25 - Champions 25 us.webp 5f3ca822464a3.png 62058299eef09.png 6610f026c1a9e.png 62a40cc2b5e29.png crashies
33%
Toronto 25 - Champions 25 vn.webp 629f17f51e7a3.png crazyguy
33%
Santiago 26 tr.webp 65b8ccef5e273.png Crewen
33%
Berlin 21 - Reykjavik 22 - Champions 22 - LOCK//IN - Champions 23 jp.webp 62a411783d94d.png crow
33%
Reykjavik 21 - Champions 21 - Reykjavik 22 - Copenhagen 22 - Champions 22 - LOCK//IN - Champions 24 - London 26 th.webp 62bd90e55f45a.png 6386fd12b84b5.png 6226f3d764e03.png 6226f3d764e03.png crws
33%
Copenhagen 22 - Champions 22 - LOCK//IN - Shanghaï 24 us.webp 62874ec8a2b0c.png 603c00d5c5a08.png Cryo
33%
Berlin 21 - Champions 21 ru.webp 5f5e971577783.png d3ffo
33%
Santiago 26 kr.webp 6399bb707aacb.png Dambi
33%
Reykjavik 21 - Berlin 21 - Champions 21 us.webp 62875027c8e06.png dapr
33%
LOCK//IN - Champions 23 co.webp 63976677069e1.png DaveeyS
33%
Reykjavik 21 - Berlin 21 - Champions 21 - Reykjavik 22 - Copenhagen 22 - Champions 22 cl.webp 63976677069e1.png delz1k
33%
Tokyo 23 - Champions 23 - Champions 25 ru.webp 667462f046618.png 642233fc01f26.png Demon1
33%
Reykjavik 21 br.webp 60443f8490b7f.png deNaro
33%
Reykjavik 22 - Champions 22 - LOCK//IN - Champions 23 jp.webp 62a411783d94d.png Dep
33%
Copenhagen 22 - Champions 22 - LOCK//IN gb.webp 62874ec8a2b0c.png 62875027c8e06.png dephh
33%
Copenhagen 22 jp.webp 649905216b9e3.png Derialy
33%
Reykjavik 21 - Champions 21 - Copenhagen 22 - Champions 22 - LOCK//IN - Tokyo 23 - Champions 23 - Shanghaï 24 - Champions 24 - Bangkok 25 - London 26 fi.webp 62a40cc2b5e29.png 6466d79e1ed40.png Derke
33%
Champions 22 - LOCK//IN us.webp 603c00d5c5a08.png Derrek
33%
LOCK//IN lt.webp 6466d79e1ed40.png Destrian
33%
Champions 22 - LOCK//IN br.webp 632be843b7d51.png dgzin
33%
Champions 25 kr.webp 62fe0b8f6b084.png DH
33%
Champions 22 kz.webp 640c381f0603f.png dimasick
33%
Champions 21 ph.webp 629f13085ead6.png dispenser
33%
Reykjavik 21 - Champions 21 - Champions 25 hr.webp 62a40cc2b5e29.png doma
33%
Champions 21 - LOCK//IN ph.webp 629f13085ead6.png DubsteP
33%
Shanghaï 24 - Santiago 26 ca.webp 603c00d5c5a08.png 632be843b7d51.png eeiu
33%
Reykjavik 21 ca.webp 62bc0b2763a8a.png effys
33%
Berlin 21 kr.webp 613869ba6886b.png Efina
33%
LOCK//IN ph.webp 629f17f51e7a3.png EJAY
33%
LOCK//IN kr.webp 654cc858ea9f5.png eKo
33%
LOCK//IN ph.webp 629f17f51e7a3.png Emman
33%
Reyjkavik 22 - Copenhagen 22 - Champions 22 fr.webp 62a40cc2b5e29.png Enzo
33%
Berlin 21 kr.webp 613869ba6886b.png Esperanza
33%
Berlin 21 - LOCK//IN - Tokyo 23 - Champions 23 - Champions 25 - Santiago 26 - London 26 us.webp 603c00d5c5a08.png 667462f046618.png 6610f026c1a9e.png Ethan
33%
Santiago 26 ru.webp 6549c2b905061.png f4ngeer
33%
Champions 22 id.webp 629f1bdae82ab.png Famouz
33%
Champions 24 - Bangkok 25 cn.webp 6433a2cc3ae72.png FengF
33%
Berlin 21 - Champions 21 - Reykjavik 22 - Copenhagen 22 - Champions 22 - LOCK//IN - Tokyo 23 - Champions 23 ca.webp 5f3ca822464a3.png 62058299eef09.png 6610f026c1a9e.png FiNESSE
33%
Berlin 21 - Champions 21 jp.webp 654cc95339f53.png Fisker
33%
LOCK//IN - Champions 23 es.webp 61dfcae52b0d8.png Fit1nho
33%
Berlin 21 kr.webp 613869ba6886b.png fiveK
33%
Champions 22 - LOCK//IN id.webp 629f1bdae82ab.png 629f17f51e7a3.png fl1pzdjer
33%
Champions 24 - Bangkok 25 - Champions 25 kr.webp 63b17abd77fc0.png Flashback
33%
Champions 24 - Champions 25 - London 26 cn.webp 63f25d72216c1.png 642233fc01f26.png Flex1n
33%
Champions 25 be.webp 657b2f3fcd199.png Flickless
33%
Tokyo 23 - Champions 24 - Toronto 25 kr.webp 63b17abd77fc0.png 654cc858ea9f5.png Foxy9
33%
Reykjavik 21 - Champions 21 - Reykjavik 22 - Copenhagen 22 - Champions 22 - LOCK//IN th.webp 62bd90e55f45a.png 6386fd12b84b5.png 6226f3d764e03.png foxz
33%
Reykjavik 21 br.webp 60443f8490b7f.png fra
33%
Santiago 26 kr.webp 6399bb707aacb.png Francis
33%
Bangkok 25 - Champions 25 kr.webp 63b17abd77fc0.png free1ng
33%
Reykjavik 21 - Champions 21 - LOCK//IN br.webp 609c8ce618abd.png 632be7626d6d9.png frz
33%
Reykjavik 21 br.webp 60443f8490b7f.png gaabxx
33%
LOCK//IN th.webp 6226f3d764e03.png garnetS
33%
Santiago 26 ph.webp 6670153fa9120.png GLYPH
33%
Champions 24 kr.webp 6226f3d764e03.png Governor
33%
Champions 25 pl.webp 657b2f3fcd199.png grubinho
33%
Reykjavik 21 - Champions 21 br.webp 609c8ce618abd.png gtn
33%
Reykjavik 22 fi.webp 62a40cc2b5e29.png H1ber
33%
Champions 22 - LOCK//IN - Tokyo 23 - Champions 23 - Madrid 24 - Shanghaï 24 cn.webp 62c82049253b2.png Haodong
33%
Toronto 25 - Champions 25 - Santiago 26 - London 26 tw.webp 671742f863b9b.png happywei
33%
Berlin 21 - Champions 21 - LOCK//IN - Champions 24 br.webp 636c7e9c014ab.png 632be7626d6d9.png 63976677069e1.png heat
33%
Champions 24 - Bangkok 25 hk.webp 6433a2cc3ae72.png heybay
33%
Berlin 21 us.webp 603c00d5c5a08.png Hiko
33%
Champions 24 tr.webp 62a40cc2b5e29.png hiro
33%
Reykjavik 22 - LOCK//IN - Champions 23 fi.webp 633822848a741.png 61dfcae52b0d8.png hoody
33%
Bangkok 25 - Champions 25 kr.webp 63b17abd77fc0.png HYUNMIN
33%
Santiago 26 cn.webp 6549c2b905061.png iamgrq
33%
Shanghaï 24 - Champions 24 us.webp 633822848a741.png icy
33%
LOCK//IN - Santiago 26 - London 26 ph.webp 629f13085ead6.png 62bbeba74d5cb.png invy
33%
Santiago 26 kr.webp 6399bb707aacb.png Ivy
33%
Shanghaï 24 - Bangkok 25 - Champions 25 - Santiago 26 kr.webp 5ea85d21e625f.png iZu
33%
Berlin 21 tr.webp 651ef7628e347.png Izzy
33%
Reykjavik 21 us.webp 62bc0b2763a8a.png jammyz
33%
Reykjavik 21 - Champions 21 - Reykjavik 22 - Champions 22 - LOCK//IN - Tokyo 23 - Champions 23 - London 26 fi.webp 640c381f0603f.png 640c381f0603f.png Jamppi
33%
LOCK//IN - Tokyo 23 - Champions 23 - Bangkok 25 - Toronto 25 - Champions 25 - Santiago 26 - London 26 kh.webp 667462f046618.png 633822848a741.png JAWGEMO
33%
Toronto 25 - Champions 25 ru.webp 629f17f51e7a3.png Jemkin
33%
Champions 21 - LOCK//IN ph.webp 629f13085ead6.png JessieVash
33%
Berlin 21 - Champions 21 br.webp 636c7e9c014ab.png JhoW
33%
Champions 25 - London 26 cn.webp 62c82049253b2.png Jieni7
33%
LOCK//IN - Champions 24 - London 26 th.webp 6226f3d764e03.png 6537a7954d915.png JitBoyS
33%
Champions 21 th.webp 6537a7954d915.png JohnOlsen
33%
Madrid 24 - Champions 24 - Bangkok 25 - Toronto 25 - Champions 25 ma.webp 62875027c8e06.png johnqt
33%
Reykjavik 22 - Shanghaï 24 - Champions 24 - Bangkok 25 - Toronto 25 - Champions 25 ca.webp 649d272e6ef32.png 633822848a741.png JonahP
33%
Reykjavik 22 br.webp 62b947039ec5e.png Jonn
33%
Copenhagen 22 kr.webp 649905216b9e3.png JoXJo
33%
LOCK//IN ph.webp 629f13085ead6.png Jremy
33%
Toronto 25 sg.webp 651d33f8e6a1f.png Juicy
33%
LOCK//IN br.webp 632be7626d6d9.png jzz
33%
Santiago 26 cn.webp 6549c2b905061.png K1ra
33%
Toronto 25 - Champions 25 pl.webp 62a40cc2b5e29.png kaajak
33%
Champions 24 - Bangkok 25 cn.webp 6433a2cc3ae72.png Kai
33%
Bangkok 25 - Toronto 25 - Champions 25 - Santiago 26 pl.webp 640c381f0603f.png kamo
33%
Bangkok 25 pl.webp 640c381f0603f.png kamyk
33%
Madrid 24 - Shanghaï 24 - Champions 24 - Toronto 25 kr.webp 654cc858ea9f5.png Karon
33%
Bangkok 25 - Toronto 25 - Champions 25 - Santiago 26 - London 26 gb.webp 640c381f0603f.png 6610f026c1a9e.png Keiko
33%
Berlin 21 - LOCK//IN fr.webp 633822848a741.png 637b755224c12.png keloqz
33%
Berlin 21 - Champions 21 - Reykjavik 22 - Copenhagen 22 - Champions 22 - Champions 23 - Champions 24 cl.webp 63976677069e1.png keznit
33%
Champions 21 - Champions 22 - LOCK//IN br.webp 632be843b7d51.png Khalil
33%
Champions 24 - Bangkok 25 ee.webp 6466d79e1ed40.png Kicks
33%
Berlin 21 - Champions 21 ua.webp 62a4157412b4f.png Kiles
33%
London 26 ua.webp 62a4157412b4f.png Killua
33%
Copenhagen 22 - Champions 22 - LOCK//IN - Shanghaï 24 - Champions 24 - London 26 cl.webp 61b8888cc3860.png kiNgg
33%
Reykjavik 21 - Berlin 21 - Champions 21 - Reykjavik 22 - Copenhagen 22 - Champions 22 - Champions 23 ar.webp 63976677069e1.png Klaus
33%
Champions 23 - Champions 24 - Toronto 25 - Champions 25 cn.webp 63f25d72216c1.png Knight
33%
Santiago 26 ca.webp 632be843b7d51.png koalanoob
33%
Berlin 21 - Copenhagen 22 - LOCK//IN es.webp 633822848a741.png 6279315a0b968.png 67667c7a563be.png koldamenta
33%
London 26 es.webp 633822848a741.png koshmaras
33%
Berlin 21 br.webp 60cecd6a853ad.png krain
33%
London 26 br.webp 60cecd6a853ad.png KROSTALY
33%
Reykjavik 21 gb.webp 640c381f0603f.png Kryptix
33%
Toronto 25 - Champions 25 id.webp 629f17f51e7a3.png Kushy
33%
Reykjavik 21 - Champions 21 - Reykjavik 22 gb.webp 640c381f0603f.png L1NK
33%
Reykjavik 21 / Berlin 21 / Champions 21 / Madrid 24 / Shanghaï 24 / Champions 24 kr.webp 615425fac2c84.png 6217116c87b89.png 654cc858ea9f5.png Lakia
33%
Champions 21 th.webp 6537a7954d915.png LAMMYSNAX
33%
Berlin 21 - Reykjavik 22 - Champions 22 - LOCK//IN - Champions 23 jp.webp 62a411783d94d.png Laz
33%
Champions 22 - LOCK//IN - Shanghaï 24 - Champions 24 - Bangkok 25 - Toronto 25 - Champions 25 - Santiago 26 - London 26 us.webp 628addcbd509e.png 633822848a741.png leaf
33%
Copenhagen 22 - LOCK//IN - Tokyo 23 - Champions 23 - Shanghaï 24 se.webp 6279315a0b968.png 62a40cc2b5e29.png Leo
33%
Reykjavik 22 - Copenhagen 22 - Champions 22 - LOCK//IN - Tokyo 23 - Champions 23 - Madrid 24 - Bangkok 25 br.webp 62bbec8dc1b9f.png 6466d79e1ed40.png Less
33%
London 26 br.webp 63f25d72216c1.png Leviathan
33%
Toronto 25 - Champions 25 cn.webp 63f25d72216c1.png Levius
33%
Berlin 21 br.webp 60cecd6a853ad.png liazzi
33%
Champions 22 - Tokyo 23 - Madrid 24 - Shanghaï 24 - Champions 24 - London 26 cn.webp 62c82049253b2.png 62bd5058300a4.png 65a17b313b131.png 65a17b313b131.png Life
33%
Reykjavik 21 br.webp 60443f8490b7f.png light
33%
LOCK//IN id.webp 629f17f51e7a3.png Lmemore
33%
Champions 24 - Bangkok 25 cn.webp 6433a2cc3ae72.png LuoK1ng
33%
Champions 23 - Madrid 24 - Shanghaï 24 - Champions 24 - Toronto 25 - Santiago 26 - London 26 cn.webp 65a17b313b131.png 651d33f8e6a1f.png 671742f863b9b.png Lysoar
33%
Champions 25 - Santiago 26 - London 26 ca.webp 6610f026c1a9e.png mada
33%
Reykjavik 21 - Champions 21 - Reykjavik 22 - Madrid 24 cz.webp 62a40cc2b5e29.png 627403a0d9e48.png MAGNUM
33%
Berlin 21 jp.webp 62a411783d94d.png makiba
33%
Berlin 21 - Champions 21 - Reykjavik 22 - Copenhagen 22 - Champions 22 - LOCK//IN - Tokyo 23 - Champions 23 - Champions 24 - Bangkok 25 - Champions 25 kr.webp 6217116c87b89.png 63b17abd77fc0.png MaKo
33%
Madrid 24 - Santiago 26 cz.webp 627403a0d9e48.png 6670153fa9120.png marteen
33%
Berlin 21 - Champions 21 - Reykjavik 22 - Copenhagen 22 - Champions 22 ca.webp 5f3ca822464a3.png 62058299eef09.png Marved
33%
Champions 21 - Champions 22 - LOCK//IN br.webp 632be843b7d51.png mazin
33%
Reykjavik 21 - Berlin 21 - Champions 21 - Reykjavik 22 - Copenhagen 22 - Champions 22 - LOCK//IN - Shanghaï 24 - Champions 24 cl.webp 63976677069e1.png 61b8888cc3860.png Mazino
33%
Reykjavik 22 se.webp 633822848a741.png Meddo
33%
Reykjavik 21 - Berlin 21 - Champions 21 kr.webp 654cc95339f53.png Medusa
33%
Copenhagen 22 - Champions 22 - LOCK//IN - Champions 23 - Champions 24 cl.webp 61b8888cc3860.png 63976677069e1.png Melser
33%
Copenhagen 22 - LOCK//IN - Madrid 24 - Shanghaï 24 - Champions 24 - Bangkok 25 - Champions 25 - Santiago 26 kr.webp 649905216b9e3.png 654cc858ea9f5.png 62fe0b8f6b084.png Meteor
33%
Toronto 25 cn.webp 671742f863b9b.png Midi
33%
Berlin 21 - Reykjavik 22 - Copenhagen 22 - Champions 22 - LOCK//IN - Tokyo 23 - Champions 23 - Madrid 24 - Shanghaï 24 - Champions 24 id.webp 62bbeba74d5cb.png mindfreak
33%
Madrid 24 - Champions 24 - Toronto 25 - Champions 25 - Santiago 26 lt.webp 637b755224c12.png 640c381f0603f.png MiniBoo
33%
Santiago 26 cz.webp 6670153fa9120.png Minny
33%
Reykjavik 21 - Champions 21 - Reykjavik 22 - Copenhagen 22 - Champions 22 gb.webp 62a40cc2b5e29.png Mistic
33%
Champions 21 us.webp 628addcbd509e.png mitch
33%
Berlin 21 - Reykjavik 22 - LOCK//IN es.webp 633822848a741.png 637b755224c12.png Mixwell
33%
LOCK//IN - Tokyo 23 - Champions 23 tr.webp 632be9976b8fe.png MOJJ
33%
LOCK//IN pl.webp 6466d79e1ed40.png MOLSI
33%
Tokyo 23 cn.webp 62bd5058300a4.png monk
33%
LOCK//IN - Tokyo 23 - Champions 23 - Shanghaï 24 - Champions 24 tr.webp 632be9976b8fe.png MrFaliN
33%
Champions 24 cl.webp 63976677069e1.png mta
33%
Reykjavik 21 - Berlin 21 - Champions 21 - LOCK//IN - Tokyo 23 - Champions 23 - Madrid 24 - Shanghaï 24 - Champions 24 - Toronto 25 - Santiago 26 kr.webp 654cc95339f53.png 62fe0b8f6b084.png 654cc858ea9f5.png 62fe0b8f6b084.png Munchkin
33%
Berlin 21 - Champions 21 - LOCK//IN br.webp 636c7e9c014ab.png 632be7626d6d9.png murizzz
33%
Champions 21 - LOCK//IN br.webp 636c7e9c014ab.png 632be843b7d51.png mwzera
33%
Berlin 21 br.webp 60cecd6a853ad.png Myssen
33%
Madrid 24 - Bangkok 25 - Toronto 25 - Champions 25 us.webp 627403a0d9e48.png 62875027c8e06.png N4RRATE
33%
Reykjavik 21 - Berlin 21 - Champions 21 - Reykjavik 22 - Copenhagen 22 - Champions 22 - LOCK//IN - Champions cl.webp 63976677069e1.png NagZ
33%
Berlin 21 - Champions 21 - LOCK//IN - Tokyo 23 - Champions 23 - Bangkok 25 - Toronto 25 - Champions 25 - Santiago 26 ru.webp 5f5e971577783.png 640c381f0603f.png nAts
33%
London 26 ar.webp 63f25d72216c1.png Neon
33%
Champions 24 - Toronto 25 - Champions 25 sg.webp 63f25d72216c1.png nephh
33%
Santiago 26 us.webp 632be843b7d51.png nerve
33%
Reykjavik 22 us.webp 649d272e6ef32.png neT
33%
Reykjavik 21 - Berlin 21 - Champions 21 jp.webp 654cc95339f53.png neth
33%
LOCK//IN fr.webp 627403a0d9e48.png Newzera
33%
Shanghaï 24 - Champions 25 - London 26 tw.webp 642233fc01f26.png Nicc
33%
Berlin 21 us.webp 603c00d5c5a08.png nitr0
33%
Champions 21 - Reykjavik 22 - Champions 22 - LOCK//IN be.webp 640c381f0603f.png 627403a0d9e48.png Nivera
33%
LOCK//IN - Champions 23 - Shanghaï 24 cn.webp 65a17b313b131.png 642233fc01f26.png nizhaoTZH
33%
Champions 22 - LOCK//IN - Tokyo 23 - Champions 23 - Madrid 24 - Shanghaï 24 - Champions 24 - Bangkok 25 - Champions 25 - Santiago 26 - London 26 cn.webp 62c82049253b2.png nobody
33%
Champions 25 - Santiago 26 - London 26 hk.webp 671742f863b9b.png NoMan
33%
Berlin 21 br.webp 636c7e9c014ab.png ntk
33%
Berlin 21 - Reykjavik 22 - LOCK//IN - Champions 23 lt.webp 633822848a741.png 61dfcae52b0d8.png nukkye
33%
Champions 21 - Champions 22 - LOCK//IN ar.webp 632be843b7d51.png 61b8888cc3860.png nzr
33%
Reykjavik 22 - Copenhagen 22 - Champions 22 - LOCK//IN br.webp 62bbec8dc1b9f.png 62875027c8e06.png pANcada
33%
Reykjavik 21 - Champions 21 th.webp 62bd90e55f45a.png Patiphan
33%
Madrid 24 - Shanghaï 24 - Bangkok 25 - Toronto 25 - Champions 25 pl.webp 637b755224c12.png 640c381f0603f.png paTiTek
33%
Toronto 25 - Champions 25 - London 26 ph.webp 62bbeba74d5cb.png 62bbeba74d5cb.png PatMen
33%
Berlin 21 tr.webp 651ef7628e347.png pAura
33%
Reykjavik 21 - Toronto 25 ca.webp 62bc0b2763a8a.png 640c381f0603f.png penny
33%
Reykjavik 21 kr.webp 615425fac2c84.png peri
33%
Berlin 21 br.webp 60cecd6a853ad.png pleets
33%
Champions 24 - London 26 th.webp 6226f3d764e03.png 6537a7954d915.png primmie
33%
London 26 ru.webp 60443f8490b7f.png PROFEK
33%
Reykjavik 21 br.webp 60443f8490b7f.png prozin
33%
Champions 21 th.webp 6537a7954d915.png PTC
33%
Santiago 26 ru.webp 640c381f0603f.png purp0
33%
LOCK//IN - Tokyo 23 - Champions 23 - Shanghaï 24 - Champions 24 tr.webp 632be9976b8fe.png qRaxs
33%
Champions 21 - Champions 22 - LOCK//IN - Madrid 24 br.webp 632be843b7d51.png 62bbec8dc1b9f.png Quick
33%
LOCK//IN tr.webp 65b8ccef5e273.png QutionerX
33%
LOCK//IN - Tokyo 23 - Champions 23 tr.webp 632be9976b8fe.png qw1
33%
Toronto 25 - Champions 25 - Santiago 26 - London 26 ru.webp 671742f863b9b.png Rarga
33%
Berlin 21 - Champions 21 - Reykjavik 22 - Copenhagen 22 - Champions 22 - LOCK//IN - Tokyo 23 - Champions 23 - Santiago 26 kr.webp 6217116c87b89.png 63b17abd77fc0.png 6399bb707aacb.png Rb
33%
Berlin 21 - Champions 21 - LOCK//IN - Tokyo 23 - Champions 23 ru.webp 5f5e971577783.png 640c381f0603f.png Redgar
33%
Berlin 21 - LOCK//IN jp.webp 62a411783d94d.png 63972e548cdc9.png Reita
33%
LOCK//IN br.webp 632be7626d6d9.png RgLMeister
33%
LOCK//IN - Champions 23 no.webp 61dfcae52b0d8.png rhyme
33%
Madrid 24 - Shanghaï 24 - Champions 24 - Toronto 25 - Champions 25 - London 26 tr.webp 637b755224c12.png RieNs
33%
Champions 23 cn.webp 63f25d72216c1.png rin
33%
Reykjavik 21 jp.webp 654cc95339f53.png rion
33%
Santiago 26 tr.webp 65b8ccef5e273.png Rosé
33%
Shanghaï 24 us.webp 62fe0b8f6b084.png Rossy
33%
Champions 24 mk.webp 6466d79e1ed40.png runneR
33%
Toronto 25 - Champions 25 cn.webp 63f25d72216c1.png rushia
33%
Copenhagen 22 gb.webp 6279315a0b968.png Russ
33%
Berlin 21 tr.webp 651ef7628e347.png russ
33%
London 26 tr.webp 6610f026c1a9e.png s0pp
33%
Champions 24 - Bangkok 25 tw.webp 62c82049253b2.png S1Mon
33%
Reykjavik 21 - Champions 21 - Reykjavik 22 - Copenhagen 22 - Champions 22 - LOCK//IN - Tokyo 23 - Champions 23 - Madrid 24 ar.webp 609c8ce618abd.png 62bbec8dc1b9f.png saadhak
33%
Reykjavik 21 - Champions 21 - Reykjavik 22 - Copenhagen 22 - Champions 22 - LOCK//IN - Madrid 24 - Champions 24 br.webp 609c8ce618abd.png 62bbec8dc1b9f.png 62875027c8e06.png Sacy
33%
Champions 21 th.webp 6537a7954d915.png SantaGolf
33%
London 26 br.webp 6537a7954d915.png Sato
33%
Reykjavik 22 - LOCK//IN - Tokyo 23 - Champions 23 - Shanghaï 24 kr.webp 649d272e6ef32.png 62fe0b8f6b084.png Sayaplayer
33%
Copenhagen 22 - LOCK//IN - Tokyo 23 - Champions 23 - Champions 24 - Bangkok 25 se.webp 6279315a0b968.png 640c381f0603f.png 6466d79e1ed40.png Sayf
33%
London 26 se.webp 6466d79e1ed40.png Sayonara
33%
Reykjavik 21 - Champions 21 - Reykjavik 22 - Champions 22 - LOCK//IN be.webp 640c381f0603f.png 627403a0d9e48.png ScreaM
33%
LOCK//IN kr.webp 654cc858ea9f5.png Secret
33%
Copenhagen 22 dk.webp 5feab33100c1d.png SEIDER
33%
LOCK//IN kr.webp 63972e548cdc9.png Seoldam
33%
Toronto 25 lv.webp 640c381f0603f.png Serial
33%
LOCK//IN - Madrid 24 fr.webp 627403a0d9e48.png sh1n
33%
Reykjavik 21 - Berlin 21 - Champions 21 us.webp 62875027c8e06.png ShahZaM
33%
Copenhagen 22 - Champions 22 - LOCK//IN - Tokyo 23 - Champions 23 1280px-Flag_of_the_United_Nations.svg.png 65a17b313b131.png 62a4109ddbd7f.png Shao
33%
Berlin 21 - Champions 21 - LOCK//IN ru.webp 5f5e971577783.png 67667c7a563be.png sheydos
33%
Berlin 21 sg.webp 62bbeba74d5cb.png shiba
33%
Berlin 21 br.webp 60cecd6a853ad.png shion
33%
Shanghaï 24 cn.webp 642233fc01f26.png Shion7
33%
Santiago 26 cn.webp 6549c2b905061.png Shr1mp
33%
Copenhagen 22 - Champions 22 - LOCK//IN - Champions 24 cl.webp 61b8888cc3860.png 63976677069e1.png Shyy
33%
Reykjavik 21 - Berlin 21 - Champions 21 us.webp 62875027c8e06.png SicK
33%
Toronto 25 hk.webp 651d33f8e6a1f.png SiuFatBB
33%
LOCK//IN in.webp 629f316ddd4dd.png SkRossi
33%
Champions 25 - Santiago 26 - London 26 us.webp 6610f026c1a9e.png Skuba
33%
Champions 22 - LOCK//IN - Tokyo 23 - Champions 23 - Madrid 24 - Shanghaï 24 - Champions 24 - Bangkok 25 - Champions 25 - Santiago 26 - London 26 cn.webp 62c82049253b2.png Smoggy
33%
London 26 tr.webp 62bbeba74d5cb.png sociablEE
33%
Reykjavik 21 kr.webp 615425fac2c84.png solo
33%
LOCK//IN tr.webp 65b8ccef5e273.png SouhcNi
33%
Reykjavik 21 - Champions 21 - Reykjavik 22 - Champions 22 - LOCK//IN - Tokyo 23 - Champions 23 gb.webp 640c381f0603f.png soulcas
33%
London 26 gb.webp 640c381f0603f.png spike
33%
Champions 25 - London 26 tw.webp 642233fc01f26.png SpiritZ1
33%
Toronto 25 tw.webp 651d33f8e6a1f.png Spring
33%
Reykjavik 21 - Champions 21 - Reykjavik 22 - Copenhagen 22 - Champions 22 th.webp 62bd90e55f45a.png 6386fd12b84b5.png sScary
33%
Berlin 21 - Champions 21 - LOCK//IN - Santiago 26 pl.webp 62a4157412b4f.png 67667c7a563be.png 6670153fa9120.png starxo
33%
Berlin 21 - Champions 21 - Reykjavik 22 - Copenhagen 22 - Champions 22 - LOCK//IN - Tokyo 23 - Champions 23 - Bangkok 25 - Champions 25 - Santiago 26 kr.webp 6217116c87b89.png 63b17abd77fc0.png 62fe0b8f6b084.png stax
33%
Berlin 21 us.webp 603c00d5c5a08.png steel
33%
Champions 22 - LOCK//IN us.webp 603c00d5c5a08.png stellar
33%
Reykjavik 22 - Champions 22 - LOCK//IN - Champions 23 jp.webp 62a411783d94d.png SugarZ3ro
33%
Reykjavik 21 - LOCK//IN kr.webp 615425fac2c84.png 63972e548cdc9.png Suggest
33%
Champions 21 th.webp 6537a7954d915.png SuperBusS
33%
Reykjavik 22 - Copenhagen 22 - Champions 22 th.webp 6386fd12b84b5.png Surf
33%
Reykjavik 21 - Champions 21 - Reykjavik 22 - Copenhagen 22 - Champions 22 - LOCK//IN th.webp 62bd90e55f45a.png 6386fd12b84b5.png 6226f3d764e03.png Sushiboys
33%
Reykjavik 21 - Champions 21 br.webp 609c8ce618abd.png sutecas
33%
Copenhagen 22 - Champions 22 - LOCK//IN - Tokyo 23 - Champions 23 1280px-Flag_of_the_United_Nations.svg.png 65a17b313b131.png 62a4109ddbd7f.png SUYGETSU
33%
Bangkok 25 kr.webp 62fe0b8f6b084.png Sylvan
33%
LOCK//IN - Madrid 24 - Shanghaï 24 - Champions 24 - Toronto 25 kr.webp 629f316ddd4dd.png 654cc858ea9f5.png t3xture
33%
Copenhagen 22 - Champions 22 - LOCK//IN cl.webp 61b8888cc3860.png Tacolilla
33%
Berlin 21 - LOCK//IN jp.webp 62a411783d94d.png 63972e548cdc9.png takej
33%
Reykjavik 22 - Champions 22 - LOCK//IN - Champions 23 jp.webp 62a411783d94d.png TENNN
33%
Reykjavik 21 - Berlin 21 - Champions 21 - LOCK//IN - Madrid 24 - Champions 24 ca.webp 62875027c8e06.png TenZ
33%
Shanghaï 24 - Champions 24 de.webp 61b8888cc3860.png tex
33%
Madrid 24 pt.webp 627403a0d9e48.png tomaszy
33%
Reykjavik 22 - Shanghaï 24 - Champions 24 - Bangkok 25 - Toronto 25 - Champions 25 - Santiago 26 - London 26 us.webp 649d272e6ef32.png 633822848a741.png trent
33%
Copenhagen 22 - LOCK//IN - Champions 24 - Bangkok 25 - Champions 25 ru.webp 6279315a0b968.png 67667c7a563be.png 6466d79e1ed40.png 640c381f0603f.png trexx
33%
LOCK//IN kr.webp 654cc858ea9f5.png TS
33%
Berlin 21 - LOCK//IN tr.webp 651ef7628e347.png 65b8ccef5e273.png Turko
33%
LOCK//IN - Tokyo 23 - Champions 23 - Madrid 24 br.webp 62bbec8dc1b9f.png tuyz
33%
Shanghaï 24 tw.webp 642233fc01f26.png TvirusLuke
33%
LOCK//IN cz.webp 6466d79e1ed40.png Twisten
33%
London 26 cz.webp 6466d79e1ed40.png UdoTan
33%
Berlin 21 - Champions 21 br.webp 636c7e9c014ab.png v1xen
33%
Reykjavik 22 - Shanghaï 24 - Champions 24 - Bangkok 25 - Toronto 25 - Champions 25 - Santiago 26 - London 26 us.webp 649d272e6ef32.png 633822848a741.png valyn
33%
Reykjavik 21 - Champions 21 - LOCK//IN us.webp 62bc0b2763a8a.png 628addcbd509e.png vanity
33%
Toronto 25 - Champions 25 us.webp 632be7626d6d9.png Verno
33%
Berlin 21 - Champions 21 - Reykjavik 22 - Copenhagen 22 - Champions 22 - LOCK//IN - Tokyo 23 - Champions 23 us.webp 5f3ca822464a3.png 62058299eef09.png 6610f026c1a9e.png Victor
33%
Toronto 25 - Champions 25 cn.webp 671742f863b9b.png Viva
33%
London 26 cn.webp 671742f863b9b.png vo0kashu
33%
Santiago 26 sg.webp 640c381f0603f.png wayne
33%
Champions 25 pl.webp 657b2f3fcd199.png westside
33%
Champions 23 - Champions 24 - Toronto 25 - Champions 25 cn.webp 63f25d72216c1.png whzy
33%
Champions 22 us.webp 603c00d5c5a08.png Will
33%
Champions 21 ph.webp 629f13085ead6.png Witz
33%
Shanghaï 24 - Champions 24 - Toronto 25 - Champions 25 - London 26 tr.webp 637b755224c12.png Wo0t
33%
LOCK//IN bg.webp 67667c7a563be.png Wolfen
33%
Santiago 26 - London 26 tw.webp 671742f863b9b.png WsLeo
33%
Champions 21 - Reykjavik 22 - LOCK//IN br.webp 632be843b7d51.png 62b947039ec5e.png 63976677069e1.png xand
33%
London 26 br.webp 62fe0b8f6b084.png xavi8k
33%
Shanghaï 24 id.webp 62fe0b8f6b084.png xccurate
33%
Toronto 25 - Champions 25 br.webp 632be7626d6d9.png xenom
33%
Champions 21 - LOCK//IN us.webp 628addcbd509e.png Xeppaa
33%
Champions 21 - LOCK//IN - Tokyo 23 - Champions 23 kr.webp 628addcbd509e.png 62fe0b8f6b084.png xeta
33%
London 26 tr.webp 629f1bdae82ab.png xeus
33%
Champions 22 - LOCK//IN - Toronto 25 - Champions 25 id.webp 629f1bdae82ab.png 629f17f51e7a3.png xffero
33%
LOCK//IN fr.webp 627403a0d9e48.png xms
33%
Copenhagen 22 - LOCK//IN jp.webp 649905216b9e3.png 63972e548cdc9.png xnfri
33%
Santiago 26 kr.webp 6399bb707aacb.png Xross
33%
Berlin 21 - Champions 21 - Reykjavik 22 - Copenhagen 22 - Champions 22 - LOCK//IN us.webp 5f3ca822464a3.png 62058299eef09.png 628addcbd509e.png yay
33%
Shanghaï 24 - Champions 24 - London 26 tr.webp 632be9976b8fe.png yetujey
33%
Tokyo 23 tw.webp 62bd5058300a4.png YHchen
33%
Champions 23 - Champions 24 cn.webp 63f25d72216c1.png yosemite
33%
LOCK//IN cn.webp 5feab33100c1d.png YuChEn
33%
LOCK//IN - Champions 23 - Toronto 25 tw.webp 5feab33100c1d.png 651d33f8e6a1f.png Yuicaw
33%
Berlin 21 - Champions 21 - LOCK//IN pl.webp 62a4157412b4f.png 637b755224c12.png zeek
33%
Copenhagen 22 - Champions 22 - LOCK//IN - Madrid 24 - Champions 24 - Bangkok 25 - Toronto 25 - Champions 25 us.webp 62874ec8a2b0c.png 62875027c8e06.png zekken
33%
Reykjavik 21 - LOCK//IN - Madrid 24 - Champions 24 - Bangkok 25 - Toronto 25 - Champions 25 us.webp 62bc0b2763a8a.png 628addcbd509e.png 62875027c8e06.png Zellsis
33%
Reykjavik 22 - Copenhagen 22 - Champions 22 - LOCK//IN - Tokyo 23 - Champions 23 kr.webp 63b17abd77fc0.png Zest
33%
Tokyo 23 cn.webp 62bd5058300a4.png zjc
33%
Champions 22 - LOCK//IN - Tokyo 23 - Champions 23 - Madrid 24 - Shanghaï 24 - Champions 24 - Bangkok 25 - Champions 25 - Santiago 26 - London 26 cn.webp 62c82049253b2.png ZmjjKK
33%
Reykjavik 21 - Berlin 21 - Champions 21 us.webp 62875027c8e06.png zombs
33%
Berlin 21 kr.webp 613869ba6886b.png zunba
33%
Copenhagen 22 - Champions 22 - LOCK//IN - Tokyo 23 - Champions 23 se.webp 65a17b313b131.png 62a4109ddbd7f.png Zyppan
33%
London 26 br.webp 60cecd6a853ad.png Kr1stal
0%
Reykjavik 21 jp.webp 654cc95339f53.png zepher
0%
No matching quizzes found
Score Distribution
Percent of People with Each Score
Percentile by Number Answered
Your Score History
You have not taken this quiz since the last reset